LEADER 00893nam0-22003011i-450- 001 990003161900403321 005 20140718190038.0 035 $a000316190 035 $aFED01000316190 035 $a(Aleph)000316190FED01 035 $a000316190 100 $a20140718d1971----km-y0itay50------ba 101 0 $aita 102 $aIT 200 1 $aPotere e conflitti nei canali di distribuzione$eintroduzione allo studio delle strutture di mercato verticali$fRiccardo Varaldo 210 $aPisa$cETS$d1971 215 $aIX, 269 p.$d24 cm 610 0 $aMarketing 700 1$aVaraldo,$bRiccardo$f<1935- >$033322 801 0$aIT$bUNINA$gRICA$2UNIMARC 901 $aBK 912 $a990003161900403321 952 $aH/4.1121 VAR$b4181/I$fSES 952 $a4-5-4-TI$b3254$fECA 959 $aSES 959 $aECA 996 $aPotere e conflitti nei canali di distribuzione$9458972 997 $aUNINA LEADER 00473cac0 22001811 450 001 LAEC00025657 005 20110502122426.0 100 $a20110502f0000 |||||ita|0103 ba 102 $aFR 110 $ab 200 1 $aDossiers 801 0$aIT$bUNISOB$c20110502$gRICA 912 $aLAEC00025657 940 $aC 121 Collana SBN 941 $aC 996 $aDossiers$91693740 997 $aUNISOB 998 \\$1001E600200041313$12001 $a<>Europe de l'Est face au marchè commun